000 01177nkm a2200277 i 4500
001 3549
003 ES-MaACL
005 20250713062745.0
007 khrbo
008 051117s1985 sp --- g |001||spa d
100 0 _aAlfonso,
_d1902-1990
_919858
245 1 0 _aPresentación del libro "Mujer creciente: ¿pareja menguante?" de Antonio Aradillas [
_hFotografía] /
_cAlfonso (sello).
260 _a[S.l. :
_bs.n.],
_c1985.
300 _a6 fot. :
_bb. y n. ;
_c12 x 18 cm.
500 _aDatos basados en invitación.
511 0 _aIntervienen: Antonio Arandillas, José Fernández, Alberto Moncada, Masiel.
518 _aActo organizado por el Ateneo de Madrid, celebrado en el salón de la cacharrería el jueves, 12 de diciembre de 1985, a las 20:00 h.
600 1 4 _aAradillas, Antonio,
_d1928-
_922156
600 1 4 _aMoncada, Alberto.
_982116
600 0 4 _aMassiel (
_d1947-)
_9174158
610 2 4 _aAteneo de Madrid-
_xActos culturales-
_y1985-
_vFotografías.
_91900
710 2 _aAteneo de Madrid.
_91875
852 _aES-MaACL
_jFOT 113/1985
856 4 _uhttp://www.ateneodemadrid.net/biblioteca_digital/imagenes/1985/0113-1985.jpg
_zVer imagen
999 _c3549
_d3549